ਕਬਾਇਲੀ ਕੁੜੀ ਤੇ ਚੀਤਾ ਮਨੁੱਖ (Record no. 296277)

MARC details
000 -LEADER
fixed length control field 00912nam a2200253Ia 4500
003 - CONTROL NUMBER IDENTIFIER
control field OSt
005 - DATE AND TIME OF LATEST TRANSACTION
control field 20220923211152.0
008 - FIXED-LENGTH DATA ELEMENTS--GENERAL INFORMATION
fixed length control field 220922b |||||||| |||| 00| 0 pan d
020 ## - INTERNATIONAL STANDARD BOOK NUMBER
International Standard Book Number 81876542082
037 ## - SOURCE OF ACQUISITION
Terms of availability Textual
040 ## - CATALOGING SOURCE
Original cataloging agency ARTS
Transcribing agency ARTS
Language of cataloging pan
041 ## - LANGUAGE CODE
Source of code pan
Language code of text/sound track or separate title pan
100 ## - MAIN ENTRY--PERSONAL NAME
Personal name ਚਾਵਲਾ, ਹਰਬੰਸ ਸਿੰਘ
9 (RLIN) 156274
245 #0 - TITLE STATEMENT
Title ਕਬਾਇਲੀ ਕੁੜੀ ਤੇ ਚੀਤਾ ਮਨੁੱਖ
260 ## - PUBLICATION, DISTRIBUTION, ETC.
Place of publication, distribution, etc. ਦਿੱਲੀ
Name of publisher, distributor, etc. ਮਨਪ੍ਰੀਤ ਪ੍ਰਕਾFਨ
Date of publication, distribution, etc. 2011
300 ## - PHYSICAL DESCRIPTION
Extent 160ਪੰ
Dimensions cm.
650 ## - SUBJECT ADDED ENTRY--TOPICAL TERM
Topical term or geographic name entry element ਸਰੁਾਂਜ਼ FੳFਞਟਾਂਨ
9 (RLIN) 159070
942 ## - ADDED ENTRY ELEMENTS (KOHA)
Classification part Y:351.236, 153Q1
Koha item type Textual
Source of classification or shelving scheme Colon Classification (CC)
Holdings
Withdrawn status Lost status Damaged status Not for loan Home library Current library Date acquired Source of acquisition Cost, normal purchase price Total Checkouts Full call number Barcode Date last seen Cost, replacement price Price effective from Koha item type
        Arts Library Arts Library 2022-09-23 526, 02/12/2011, H.K. Prakashan 390.00   Y:351.236 153Q1 AL1297084 2022-09-23 390.00 2022-09-23 Textual
Copyright @ Delhi University Library System